LEADER 01285nam 2200325Ia 450 001 996391090303316 005 20221108085128.0 035 $a(CKB)1000000000662808 035 $a(EEBO)2240867044 035 $a(OCoLC)13111363 035 $a(EXLCZ)991000000000662808 100 $a19860205d1680 uy | 101 0 $aeng 135 $aurbn||||a|bb| 200 10$aFoxes and fire-brands, or, A specimen of the danger and harmony of popery and separation$b[electronic resource] $ewherein is proved from undeniable matter of fact and reason, that separation from the Church of England is, in the judgment of papists, and by sad experience, found the most compendious way to introduce popery, and to ruine the Protestant religion 210 $aLondon $cPrinted for Benjamin Tooke ...$d1680 215 $a[6], 33 p 300 $aMarginal notes. 300 $aDedication signed "Philirenes". 300 $aReproduction of original in Huntington Library. 330 $aeebo-0113 700 $aNalson$b John$f1638?-1686.$01002098 801 0$bEAA 801 1$bEAA 801 2$bm/c 801 2$bWaOLN 906 $aBOOK 912 $a996391090303316 996 $aFoxes and fire-brands, or, A specimen of the danger and harmony of popery and separation$92366122 997 $aUNISA LEADER 01077nam a2200241 i 4500 001 991003679599707536 005 20240326163130.0 008 011109s1960 it ||| | ita 035 $ab11197808-39ule_inst 035 $aPARLA186455$9ExL 040 $aDip.to Scienze Storiche Fil. e Geogr.$bita$dSocioculturale Scs 082 04$a338.1094575$223 100 1 $aColamonico, Carmelo$063582 245 10$aMemoria illustrativa della carta della utilizzazione del suolo della Puglia :$bfogli 15 e 18 della carta dell'utilizzazione del suolo d'Italia /$cCarmelo Colamonico 260 $aRoma :$bConsiglio nazionale delle ricerche,$c1960 300 $a222 p. :$b8 cart. ;$c24 cm 650 4$aEconomia agraria$zPuglia 907 $a.b11197808$b21-09-06$c01-07-02 912 $a991003679599707536 945 $aLE009 GEOG.14.434-44$g1$i2009000361546$lle009$o-$pE0.00$q-$rn$so$t0$u5$v0$w5$x0$y.i1134801x$z01-07-02 996 $aMemoria illustrativa della carta della utilizzazione del suolo della Puglia$9679863 997 $aUNISALENTO 998 $ale009$b01-01-01$cm$da$e-$fita$git$h0$i1